Movies by Object Pictures #2 - Statistics

General Stats
  • This quiz has been taken 2,453 times
    252 since last reset
  • The average score is 11 of 18
Answer Stats
Picture Hint Answer % Correct
Red pill The Matrix
96%
Mockingjay Pin The Hunger Games
93%
The One Ring The Lord of the Rings
89%
Board game Jumanji
87%
The Infinity Gauntlet Avengers: Infinity War
84%
Ruby Slippers The Wizard of Oz
83%
Neuralyzer Men In Black
82%
Golden Idol Raiders of the Lost Ark
80%
______ ___ The Man with the Golden Gun
57%
Otto The Autopilot Airplane!
51%
Suitcase Forrest Gump
51%
Stick figures The Blair Witch Project
48%
Big lens camera Rear Window
35%
Medal of Bravery Star Wars Episode IV: A New Hope
34%
"Copper Bones" medallion The Goonies
34%
Speak & Spell learning toy E.T. the Extra-Terrestrial
32%
The Leg Lamp A Christmas Story
26%
The Gold watch Pulp Fiction
24%
No matching quizzes found
Score Distribution
Percent of People with Each Score
Percentile by Number Answered
Your Score History
You have not taken this quiz since the last reset